[Event "104th ch-GBR 2017"]
[Site "Llandudno WLS"]
[Date "2017.08.03"]
[Round "6.17"]
[White "Arakhamia-Grant, Ketevan"]
[Black "Storey, Charles H"]
[Result "1-0"]
[WhiteTitle "GM"]
[BlackTitle "FM"]
[WhiteElo "2364"]
[BlackElo "2214"]
[WhiteFideId "13600168"]
[BlackFideId "406686"]
[EventDate "2017.07.29"]

1. e4 e6 2. d3 d5 3. Nd2 c5 4. Ngf3 Nc6 5. g3 g6 6. Bg2 Bg7 7. O-O Nge7 8. Re1
O-O 9. h4 b5 10. e5 Qc7 11. Qe2 Ba6 12. Nf1 Nd4 13. Nxd4 cxd4 14. Bf4 Rfc8 15.
Rac1 b4 16. Nh2 Rab8 17. Ng4 Rb5 18. Nf6+ Kh8 19. h5 Rc5 20. hxg6 Nxg6 21. Bg5
Qxe5 22. Qh5 Bxf6 23. Rxe5 Bxe5 24. f4 Bg7 25. f5 exf5 26. Re1 Bb5 27. Bd2 Bd7
28. Bxb4 Rb5 29. Ba3 f4 30. Bh3 Bxh3 31. Qxh3 Rg8 32. Qd7 Rbb8 33. Qxf7 fxg3 34.
Kg2 Ne5 35. Qh5 Ng6 36. Bd6 Rxb2 37. Rh1 Rxc2+ 38. Kxg3 Be5+ 39. Kf3 Rc7 40.
Bxe5+ Nxe5+ 41. Qxe5+ Rcg7 42. Rxh7+ 1-0

[Event "104th ch-GBR 2017"]
[Site "Llandudno WLS"]
[Date "2017.08.03"]
[Round "6.18"]
[White "Grant, Jonathan I M"]
[Black "Zakarian, David"]
[Result "1-0"]
[BlackTitle "FM"]
[WhiteElo "2187"]
[BlackElo "2360"]
[WhiteFideId "2400294"]
[BlackFideId "13301276"]
[EventDate "2017.07.29"]

1. c4 Nf6 2. Nc3 g6 3. g3 Bg7 4. Bg2 O-O 5. e4 e5 6. Nge2 d6 7. O-O Be6 8. d3 c6
9. h3 Na6 10. f4 Qd7 11. Kh2 Ne8 12. Be3 f5 13. exf5 gxf5 14. b3 Nf6 15. Qd2 Qe8
16. Rae1 Qh5 17. Kg1 Kh8 18. b4 Nc7 19. a4 Qf7 20. b5 e4 21. dxe4 fxe4 22. bxc6
bxc6 23. Bd4 Bxc4 24. Nxe4 Nxe4 25. Bxe4 d5 26. Bd3 Bxd3 27. Qxd3 Ne6 28. Bxg7+
Qxg7 29. Qc3 Rac8 30. Qxg7+ Kxg7 31. f5 Ng5 32. Kg2 Ne4 33. Nd4 Kf6 34. g4 c5
35. Ne6 Rg8 36. Nf4 Ke5 37. Kf3 Kd6 38. Rd1 Nc3 39. Rd3 d4 40. a5 Nd5 41. Ne6
Rge8 42. Re1 Nb4 43. Rb3 Kd5 44. Rc1 Na2 45. Nf4+ Kd6 46. Rd1 Rb8 47. Rxb8 Rxb8
48. Re1 c4 49. Re6+ Kc5 50. Re5+ Kb4 51. Rd5 d3 52. Nxd3+ cxd3 53. Rxd3 Rb7 54.
a6 Rc7 55. f6 Nc3 56. g5 Kc4 57. Rd8 Nd5 58. Ke4 Nb4 59. h4 Nxa6 60. Kf5 Nc5 61.
h5 Nb7 62. Rd1 Nc5 63. g6 hxg6+ 64. hxg6 Nd3 65. Rxd3 Kxd3 66. g7 1-0

[Event "104th ch-GBR 2017"]
[Site "Llandudno WLS"]
[Date "2017.08.03"]
[Round "6.19"]
[White "Jina, Taran"]
[Black "Fitzsimons, David"]
[Result "0-1"]
[BlackTitle "FM"]
[WhiteElo "1777"]
[BlackElo "2352"]
[WhiteFideId "426369"]
[BlackFideId "2501961"]
[EventDate "2017.07.29"]

1. Nf3 d5 2. g3 c6 3. Bg2 Bg4 4. c4 e6 5. O-O Nd7 6. Nc3 Ngf6 7. b3 Bd6 8. d4
O-O 9. Bb2 Re8 10. Re1 dxc4 11. bxc4 e5 12. d5 Bc5 13. e4 Bxf2+ 14. Kxf2 Qb6+
15. Kf1 Qxb2 16. Na4 Bxf3 17. Qxf3 Qd4 18. Rac1 cxd5 19. exd5 e4 20. Qc3 Qe5 21.
Rb1 b6 22. Rb3 Qh5 23. Kg1 Ne5 24. Rf1 Rac8 25. Nb2 Nxd5 26. Qd4 Nf6 27. Rb5 e3
28. Qc3 Nf3+ 29. Bxf3 Qxb5 30. Qxf6 Qc5 31. Qxf7+ Kxf7 32. Bd5+ Ke7 33. Rf7+ Kd8 0-1

[Event "104th ch-GBR 2017"]
[Site "Llandudno WLS"]
[Date "2017.08.03"]
[Round "6.20"]
[White "Horton, Andrew P"]
[Black "Graham, David B"]
[Result "1-0"]
[WhiteTitle "FM"]
[WhiteElo "2324"]
[BlackElo "2201"]
[WhiteFideId "424269"]
[BlackFideId "408131"]
[EventDate "2017.07.29"]

1. Nf3 Nf6 2. c4 g6 3. g3 Bg7 4. Bg2 d6 5. Nc3 O-O 6. O-O c5 7. d4 Nc6 8. d5 Na5
9. Nd2 a6 10. Qc2 Rb8 11. b3 b5 12. Bb2 e5 13. Nd1 h5 14. h3 Bd7 15. Bc3 Nb7 16.
f4 Qe7 17. e4 h4 18. fxe5 dxe5 19. g4 Nd6 20. Nf2 Nh7 21. Nd3 Rbc8 22. Rae1 Ng5
23. Bb2 f6 24. Ba3 b4 25. Bb2 Bh6 26. Re2 a5 27. Qd1 Ngf7 28. Nf3 g5 29. a3 Nb7
30. Bc1 Bg7 31. Ra2 Nfd6 32. Nfe1 Ra8 33. Be3 a4 34. axb4 axb3 35. Rxa8 Rxa8 36.
Qxb3 Ba4 37. Qc3 cxb4 38. Qxb4 Bf8 39. c5 Nb5 40. Nf3 Nd4 41. Nxd4 exd4 42. Bxd4
Bc2 43. d6 Qe6 44. Qxb7 Bxd3 45. Qxa8 Bxf1 46. Bxf1 1-0

[Event "104th ch-GBR 2017"]
[Site "Llandudno WLS"]
[Date "2017.08.03"]
[Round "6.21"]
[White "Gaudeau, Valentin"]
[Black "Kolbus, Dietmar"]
[Result "1/2-1/2"]
[BlackTitle "IM"]
[WhiteElo "2170"]
[BlackElo "2306"]
[WhiteFideId "662216"]
[BlackFideId "4610628"]
[EventDate "2017.07.29"]

1. d4 Nf6 2. c4 g6 3. Nc3 d5 4. cxd5 Nxd5 5. g3 Bg7 6. Bg2 Nb6 7. Nf3 O-O 8. O-O
Nc6 9. e3 a5 10. b3 e5 11. Ba3 Re8 12. dxe5 Nxe5 13. Nd4 c6 14. Qc2 Bf8 15. Bxf8
Rxf8 16. Rad1 Qe7 17. h3 a4 18. f4 axb3 19. axb3 Ned7 20. e4 f6 21. Rfe1 Re8 22.
Kh2 Ra5 23. Qb2 Qa3 24. Qxa3 Rxa3 25. Ra1 Rxa1 26. Rxa1 Kf7 27. b4 Ke7 28. b5 c5
29. Nc2 Kf7 30. Ne3 Nf8 31. Ncd5 1/2-1/2

[Event "104th ch-GBR 2017"]
[Site "Llandudno WLS"]
[Date "2017.08.03"]
[Round "6.22"]
[White "Jackson, James P"]
[Black "Horton, Jamie A"]
[Result "1-0"]
[WhiteTitle "FM"]
[WhiteElo "2286"]
[BlackElo "2178"]
[WhiteFideId "416860"]
[BlackFideId "421472"]
[EventDate "2017.07.29"]

1. e4 c6 2. d4 d5 3. e5 a6 4. a4 c5 5. dxc5 Nc6 6. Nf3 Bg4 7. Be2 e6 8. Be3 Bxf3
9. Bxf3 Nxe5 10. O-O Nf6 11. b4 Be7 12. Nd2 O-O 13. Nb3 Nc4 14. Bf4 b6 15. cxb6
Qxb6 16. c3 Rfc8 17. Qe2 h6 18. Nd2 Bd6 19. Nxc4 Rxc4 20. Bxd6 Qxd6 21. Qxc4
dxc4 22. Bxa8 Ng4 23. g3 Qd2 24. b5 axb5 25. axb5 Qd6 26. Ra6 Qc5 27. Be4 g6 28.
b6 Qb5 29. b7 1-0

[Event "104th ch-GBR 2017"]
[Site "Llandudno WLS"]
[Date "2017.08.03"]
[Round "6.23"]
[White "Trent, Lawrence"]
[Black "Taylor, Adam A"]
[Result "1-0"]
[WhiteTitle "IM"]
[WhiteElo "2445"]
[BlackElo "2165"]
[WhiteFideId "408638"]
[BlackFideId "415790"]
[EventDate "2017.07.29"]

1. e4 c5 2. Nf3 Nc6 3. Nc3 e6 4. d4 cxd4 5. Nxd4 Nf6 6. Nxc6 bxc6 7. e5 Nd5 8.
Ne4 Qc7 9. f4 Qb6 10. c4 Ne3 11. Qd3 Nf5 12. Bd2 c5 13. O-O-O h5 14. Bc3 Be7 15.
Be2 Kf8 16. Bxh5 Rxh5 17. g4 Rh6 18. gxf5 exf5 19. Nd6 Bxd6 20. exd6 Bb7 21.
Bxg7+ Kxg7 22. Rhg1+ Rg6 23. Qc3+ Kh7 24. Rg3 Bg2 25. Rxg2 Rag8 26. Rg3 Rxg3 27.
hxg3 Qc6 28. Rd5 Rg6 29. Qd3 Qa6 30. Rxf5 Qxd6 31. Rxf7+ Kh6 32. Rxd7 Qe6 33. f5
Qe1+ 34. Qd1 Qe3+ 35. Qd2 Rxg3 36. Qxe3+ Rxe3 37. Rxa7 Kg5 38. Ra5 Re5 39. b4 1-0

[Event "104th ch-GBR 2017"]
[Site "Llandudno WLS"]
[Date "2017.08.03"]
[Round "6.24"]
[White "Smith, Andrew Philip"]
[Black "Haria, Ravi"]
[Result "0-1"]
[WhiteTitle "FM"]
[BlackTitle "FM"]
[WhiteElo "2146"]
[BlackElo "2417"]
[WhiteFideId "2500833"]
[BlackFideId "415820"]
[EventDate "2017.07.29"]

1. e4 e6 2. d4 d5 3. Nc3 Bb4 4. e5 b6 5. Qg4 Bf8 6. Bb5+ c6 7. Ba4 Ba6 8. Nge2
Ne7 9. O-O b5 10. Bb3 b4 11. Na4 h5 12. Qf3 Nf5 13. Rd1 g5 14. h3 g4 15. hxg4
hxg4 16. Qxg4 Bxe2 17. Qxe2 Qh4 18. f4 Qh2+ 19. Kf2 Rg8 20. Rg1 Be7 21. Qd1 Bh4+
22. Ke2 Rxg2+ 23. Rxg2 Qxg2+ 0-1

[Event "104th ch-GBR 2017"]
[Site "Llandudno WLS"]
[Date "2017.08.03"]
[Round "6.25"]
[White "Shaw, Peter"]
[Black "Pritchett, Craig W"]
[Result "1/2-1/2"]
[BlackTitle "IM"]
[WhiteElo "2103"]
[BlackElo "2326"]
[WhiteFideId "411361"]
[BlackFideId "2400065"]
[EventDate "2017.07.29"]

1. d4 Nf6 2. c4 e6 3. Nf3 Bb4+ 4. Nbd2 O-O 5. a3 Be7 6. e4 d6 7. Bd3 a5 8. Qe2
Nc6 9. b3 e5 10. d5 Nb8 11. Nf1 Nbd7 12. h3 Nc5 13. Bc2 c6 14. g4 cxd5 15. exd5
e4 16. Nd4 Nfd7 17. Ng3 Bf6 18. Be3 Nd3+ 19. Kf1 Re8 20. Nxe4 Rxe4 21. Qxd3 Nc5
22. Qd2 Re8 23. Kg2 g6 24. Rae1 Bd7 25. Bf4 Qb6 26. Qd1 Na6 27. Be3 Qc7 28. Qf3
Bg7 29. Rd1 a4 30. Bd3 Nc5 31. b4 Nxd3 32. Rxd3 Qxc4 33. Rhd1 Rac8 34. Ne2 Qa2
35. Nc1 Qc2 36. Bd4 Bb5 37. R3d2 Qe4 38. Qxe4 Rxe4 39. Bxg7 Kxg7 40. Kf3 Rec4
41. Ne2 Rc2 42. h4 h6 43. g5 h5 44. Rxc2 Rxc2 45. Ng3 Ra2 46. Rc1 Rxa3+ 47. Kf4
Rb3 48. Ne4 Rxb4 49. Kf3 Be2+ 50. Ke3 Rc4 51. Rb1 a3 52. Rxb7 a2 53. Ra7 Rc2 54.
Nf6 Bg4 55. Ra8 Bc8 56. Kd3 Bf5+ 57. Ke3 Bc8 58. Ne8+ Kf8 59. Nxd6 Ke7 60. Nxc8+
Rxc8 61. Rxa2 Rc4 62. f4 Kd6 63. Ra7 Kxd5 64. Rxf7 Rc3+ 65. Kf2 Ke4 66. Rf6 Rc2+
67. Kg3 Rc3+ 68. Kg2 Rc2+ 69. Kg3 Rc3+ 70. Kg2 Rc2+ 71. Kg3 1/2-1/2

[Event "104th ch-GBR 2017"]
[Site "Llandudno WLS"]
[Date "2017.08.03"]
[Round "6.26"]
[White "Batchelor, Peter J"]
[Black "Gayson, Peter M"]
[Result "1-0"]
[WhiteTitle "FM"]
[WhiteElo "2309"]
[BlackElo "2160"]
[WhiteFideId "424854"]
[BlackFideId "401838"]
[EventDate "2017.07.29"]

1. d4 f5 2. g3 g6 3. h4 Nh6 4. h5 Nf7 5. hxg6 hxg6 6. Rxh8 Nxh8 7. Nc3 d5 8. Nf3
Bg7 9. Bf4 Nf7 10. Qd2 c6 11. O-O-O Nd7 12. Ng5 Nxg5 13. Bxg5 Nf6 14. f3 b5 15.
e4 fxe4 16. fxe4 Nxe4 17. Nxe4 dxe4 18. Bg2 Qd5 19. Qf4 Bf5 20. g4 e5 21. Qg3
Be6 22. dxe5 Bxe5 23. Qa3 Bxb2+ 24. Kxb2 Qxg5 25. Qc3 Kf7 26. Rf1+ Ke7 27. Bxe4
Rf8 28. Qa3+ c5 29. Qxa7+ Bd7 30. Rd1 Qxg4 31. Qxc5+ Ke8 32. Re1 Be6 33. Bc6+
Kf7 34. Rf1+ Bf5 35. Bd5+ Kg7 36. Qe7+ 1-0

[Event "104th ch-GBR 2017"]
[Site "Llandudno WLS"]
[Date "2017.08.03"]
[Round "6.27"]
[White "Ogunshola, Ben"]
[Black "Dineley, Richard"]
[Result "1-0"]
[WhiteElo "2133"]
[BlackElo "2269"]
[WhiteFideId "8500231"]
[BlackFideId "1800680"]
[EventDate "2017.07.29"]

1. c4 b6 2. e4 Bb7 3. Nc3 e6 4. Nf3 Bb4 5. Bd3 Ne7 6. O-O Ng6 7. Re1 Bxc3 8.
dxc3 d6 9. Bg5 f6 10. Be3 e5 11. Qc2 Nd7 12. Rad1 Qe7 13. b4 O-O 14. Bc1 Nf4 15.
Bf1 Ne6 16. Nh4 g6 17. g3 a5 18. a3 axb4 19. axb4 Ng7 20. Bh6 Ra7 21. Ra1 Rfa8
22. Rxa7 Rxa7 23. Bh3 Bc6 24. Ng2 Ne6 25. Ne3 Ng5 26. Bxg5 fxg5 27. Nd5 Bxd5 28.
cxd5 Nf6 29. Be6+ Kg7 30. Qd2 Ra3 31. Qc1 Ra7 32. h3 Ra8 33. Qd2 h6 34. Qe2 Nh7
35. Qc4 Ra7 36. Re3 Ra8 37. Qc6 Rd8 38. c4 Nf8 39. Ra3 Nxe6 40. dxe6 Rc8 41. Ra7
Kf6 42. Kg2 Kxe6 43. c5 bxc5 44. b5 Kf6 45. Rb7 Qe8 46. Qd5 Qe6 47. Qd1 Qa2 48.
b6 Qa8 49. Qd5 c4 50. Qc6 c3 51. bxc7 c2 52. Qxd6+ Kf7 53. Qd7+ Kf8 54. Qd6+ Kf7
55. Qd5+ Kf8 56. Qc5+ Kf7 57. Rb4 Qa2 58. Rc4 Qa8 59. Kh2 c1=Q 60. Rxc1 Qxe4 61.
Rc3 Qf5 62. Qd5+ Qe6 63. Rf3+ Ke7 64. Qc5+ Kd7 65. Rd3+ Ke8 66. Rd6 Qf5 67. Rd5
Qf6 68. Rxe5+ Kd7 69. Qd4+ 1-0

[Event "104th ch-GBR 2017"]
[Site "Llandudno WLS"]
[Date "2017.08.03"]
[Round "6.28"]
[White "Kalavannan, Koby"]
[Black "Pleasants, Allan J"]
[Result "1/2-1/2"]
[WhiteElo "2175"]
[BlackElo "2103"]
[WhiteFideId "425753"]
[BlackFideId "411337"]
[EventDate "2017.07.29"]

1. d4 Nf6 2. Nf3 c5 3. c4 cxd4 4. Nxd4 e5 5. Nf3 Nc6 6. Nc3 Bc5 7. e3 O-O 8. a3
Re8 9. b4 e4 10. Ng5 Bf8 11. Qc2 h6 12. Ngxe4 Nxe4 13. Nxe4 d5 14. Ng3 a5 15. b5
Ne5 16. cxd5 Qxd5 17. Qd2 Qb3 18. Bb2 Bg4 19. Qc3 Qd5 20. Qd4 Qb3 21. Qc3 Qd5 1/2-1/2

[Event "104th ch-GBR 2017"]
[Site "Llandudno WLS"]
[Date "2017.08.03"]
[Round "6.29"]
[White "Gallagher, Daniel GH"]
[Black "Moreby, James"]
[Result "1-0"]
[WhiteElo "2147"]
[BlackElo "2149"]
[WhiteFideId "436550"]
[BlackFideId "427756"]
[EventDate "2017.07.29"]

1. e4 e6 2. d4 d5 3. Nd2 c5 4. c3 cxd4 5. cxd4 dxe4 6. Nxe4 Bd7 7. Nf3 Bc6 8.
Bd3 Bb4+ 9. Nc3 Nf6 10. O-O Nbd7 11. Bg5 Qa5 12. Bd2 Qd8 13. Re1 O-O 14. Bg5 h6
15. Bh4 Qa5 16. Ne5 Nxe5 17. Rxe5 Qd8 18. Bc2 Be7 19. Qd3 Re8 20. d5 Qd6 21.
Rae1 Bd7 22. R5e3 Kf8 23. Bg3 Qb4 24. d6 Bd8 25. Be5 g6 26. Rf3 Kg7 27. Rf4 Qxb2
28. Rb1 Qa3 29. Qd4 Rc8 30. Bxf6+ Bxf6 31. Qxf6+ Kg8 32. Qxf7+ Kh8 33. Qf6+ Kh7
34. Qxg6+ Kh8 1-0

[Event "104th ch-GBR 2017"]
[Site "Llandudno WLS"]
[Date "2017.08.03"]
[Round "6.30"]
[White "Stewart, Ashley"]
[Black "Jones, Steven A"]
[Result "0-1"]
[WhiteElo "2111"]
[BlackElo "2171"]
[WhiteFideId "419001"]
[BlackFideId "419630"]
[EventDate "2017.07.29"]

1. c4 Nf6 2. g3 e5 3. Bg2 c6 4. Nf3 e4 5. Nd4 d5 6. d3 Qb6 7. Nb3 dxc4 8. dxc4
Be6 9. Nc3 Bxc4 10. Be3 Bxb3 11. Qxb3 Qxb3 12. axb3 Na6 13. O-O Bc5 14. Bxc5
Nxc5 15. b4 Nb3 16. Ra3 Nd4 17. Rd1 O-O-O 18. Kf1 Nb5 19. Raa1 Nxc3 20. bxc3
Rxd1+ 21. Rxd1 Rd8 22. Ra1 a6 23. Ke1 Kc7 24. g4 Nd5 25. Ra3 Re8 26. e3 Kd6 27.
Rb3 Re5 28. c4 Nf6 29. h3 h6 30. Ke2 b6 31. f4 exf3+ 32. Bxf3 Kc7 33. Kd3 a5 34.
bxa5 Rxa5 35. Kd4 Nd7 36. Rb1 Nc5 37. Rg1 Ra3 38. Be2 Ne6+ 39. Ke4 Ng5+ 40. Kd4
c5+ 41. Kd5 Rxe3 42. h4 f6 0-1

[Event "104th ch-GBR 2017"]
[Site "Llandudno WLS"]
[Date "2017.08.03"]
[Round "6.31"]
[White "Brozel, Sacha"]
[Black "Abrahams, Daniel"]
[Result "1-0"]
[WhiteElo "2097"]
[BlackElo "2162"]
[WhiteFideId "429317"]
[BlackFideId "2606879"]
[EventDate "2017.07.29"]

1. g3 e5 2. c4 d6 3. Nc3 f5 4. Bg2 c6 5. d3 Nf6 6. e4 Na6 7. Nge2 Be7 8. O-O O-O
9. h3 f4 10. gxf4 Nh5 11. f5 g6 12. Bh6 Rf7 13. Ng3 Ng7 14. d4 gxf5 15. Bxg7
Kxg7 16. f4 Qb6 17. c5 dxc5 18. dxe5 Qxb2 19. Rc1 Kh8 20. Rc2 Qb4 21. Qh5 Be6
22. exf5 Qd4+ 23. Kh2 Bc4 24. f6 Rg8 25. fxe7 Qd3 26. Nce4 Qxc2 27. Rf2 Qd3 28.
Bf1 Qd5 29. Bxc4 Qxc4 30. Nd6 1-0

[Event "104th ch-GBR 2017"]
[Site "Llandudno WLS"]
[Date "2017.08.03"]
[Round "6.32"]
[White "Willow, Jonah B"]
[Black "Richardson, Alex"]
[Result "1/2-1/2"]
[WhiteElo "2077"]
[BlackElo "2147"]
[WhiteFideId "438804"]
[BlackFideId "408239"]
[EventDate "2017.07.29"]

1. e4 c6 2. d4 d5 3. e5 Bf5 4. h4 h6 5. g4 Bd7 6. h5 Qc8 7. Be2 c5 8. c3 Nc6 9.
Be3 e6 10. f4 c4 11. Nf3 b5 12. O-O Nge7 13. Nh4 g6 14. hxg6 fxg6 15. Nd2 Kd8
16. b3 Kc7 17. a4 a6 18. axb5 axb5 19. bxc4 bxc4 20. Qc2 Rg8 21. Rfb1 Ra6 22.
Qb2 Qa8 23. Kf2 Bg7 24. Rxa6 Qxa6 25. Ra1 Rb8 26. Qxb8+ Nxb8 27. Rxa6 Nxa6 28.
Bd1 Be8 29. Ndf3 Kd8 30. Bc2 Nc7 31. Bc1 Nb5 32. Bb2 Bf7 33. Ba4 Be8 34. Bc2 Bf7
35. Ba4 1/2-1/2

[Event "104th ch-GBR 2017"]
[Site "Llandudno WLS"]
[Date "2017.08.03"]
[Round "6.33"]
[White "Longson, Sarah N"]
[Black "Coleman, David J"]
[Result "1/2-1/2"]
[WhiteTitle "WFM"]
[BlackTitle "CM"]
[WhiteElo "2074"]
[BlackElo "2135"]
[WhiteFideId "2501465"]
[BlackFideId "402087"]
[EventDate "2017.07.29"]

1. e4 c5 2. Nf3 d6 3. d4 cxd4 4. Nxd4 Nf6 5. Nc3 a6 6. h3 e6 7. a4 Nc6 8. Be3
Qc7 9. f4 Be7 10. Nb3 b6 11. Be2 Rb8 12. O-O Nb4 13. Bf3 Bb7 14. Bd4 e5 15. Bf2
O-O 16. Qd2 Rfd8 17. Nd5 Nbxd5 18. exd5 e4 19. Be2 Nxd5 20. Rfe1 Bf6 21. c3 Re8
22. Bf1 g6 23. Rad1 Rbd8 24. Qc1 Ne7 25. Qe3 Nc8 26. g4 d5 27. Nd4 Be7 28. f5
Bd6 29. Ne2 Bc6 30. Bh4 Be7 31. Bg3 1/2-1/2

[Event "104th ch-GBR 2017"]
[Site "Llandudno WLS"]
[Date "2017.08.03"]
[Round "6.34"]
[White "Lentzos, Ioanis"]
[Black "Sun, Xinyue"]
[Result "1/2-1/2"]
[BlackTitle "WFM"]
[WhiteElo "2038"]
[BlackElo "2132"]
[WhiteFideId "4255470"]
[BlackFideId "8600813"]
[EventDate "2017.07.29"]

1. c4 e5 2. Nc3 Nf6 3. Nf3 d6 4. d3 Be7 5. g3 O-O 6. Bg2 c6 7. O-O Qc7 8. Bd2 h6
9. b4 Be6 10. Ne1 d5 11. cxd5 cxd5 12. Rc1 Qd7 13. Nf3 Bd6 14. d4 exd4 15. Nxd4
Bxb4 16. Qb3 Na6 17. Rfd1 Bxc3 18. Bxc3 Nc5 19. Qb4 Nce4 20. Nxe6 Qxe6 21. Bxf6
Nxf6 22. Qxb7 1/2-1/2

[Event "104th ch-GBR 2017"]
[Site "Llandudno WLS"]
[Date "2017.08.03"]
[Round "6.35"]
[White "Willson, Ollie"]
[Black "Jackson, Sheila"]
[Result "1/2-1/2"]
[BlackTitle "WGM"]
[WhiteElo "2032"]
[BlackElo "2125"]
[WhiteFideId "424714"]
[BlackFideId "402508"]
[EventDate "2017.07.29"]

1. e4 e5 2. Nf3 Nc6 3. Bb5 Nf6 4. O-O Nxe4 5. d4 Nd6 6. Bxc6 dxc6 7. dxe5 Nf5 8.
Qxd8+ Kxd8 9. h3 h5 10. Nc3 Be7 11. Bf4 Bd7 12. Rad1 Kc8 13. Ne4 Rd8 14. Neg5
Be8 15. Kh2 b6 16. g4 hxg4 17. hxg4 Rxd1 18. Rxd1 Nh6 19. Kg3 Kb7 20. Ne4 Ng8
21. Nh4 c5 22. Nf5 Bf8 23. Ng5 Ne7 24. Nh7 Nxf5+ 25. gxf5 Bc6 26. Bg5 c4 27.
Nxf8 Rxf8 28. Rd4 f6 29. exf6 gxf6 30. Bh4 b5 31. Rg4 Be8 32. Rg7 a5 33. Kf4 Kb6
34. Rh7 Bc6 35. Rh6 Re8 36. Bxf6 Re4+ 37. Kg5 Kc5 38. Bd8 Re2 39. Bxc7 Rxf2 40.
Bxa5 Rg2+ 41. Kf6 Rxc2 42. Bc3 b4 43. Be5 c3 44. bxc3 Rxa2 45. cxb4+ Kxb4 46.
Bd6+ Kc4 47. Rh4+ Kd5 48. Be5 Rd2 49. Rh8 Bd7 50. Rh5 Rf2 1/2-1/2

[Event "104th ch-GBR 2017"]
[Site "Llandudno WLS"]
[Date "2017.08.03"]
[Round "6.36"]
[White "Maroroa, Sue"]
[Black "Fathallah, Joe"]
[Result "1/2-1/2"]
[WhiteTitle "WIM"]
[WhiteElo "2116"]
[BlackElo "1919"]
[WhiteFideId "4301498"]
[BlackFideId "1801899"]
[EventDate "2017.07.29"]

1. e4 e6 2. d4 d5 3. Nd2 Nf6 4. e5 Nfd7 5. Bd3 c5 6. c3 Nc6 7. Ngf3 f5 8. exf6
Nxf6 9. O-O Bd6 10. Re1 O-O 11. Nf1 cxd4 12. cxd4 Qb6 13. h3 Bd7 14. Bg5 Rae8
15. Rc1 e5 16. dxe5 Nxe5 17. Nxe5 Bxe5 18. b3 Bc6 19. Ne3 Ne4 20. Bxe4 dxe4 21.
Qc2 Qa5 22. Bh4 Bb8 23. Qe2 Rf7 24. Nc4 Qf5 25. Ne3 Qg6 26. Qg4 Qxg4 27. Nxg4
Rd7 28. Rcd1 Rxd1 29. Rxd1 h6 30. Rd8 Rxd8 31. Bxd8 Kf7 1/2-1/2

[Event "104th ch-GBR 2017"]
[Site "Llandudno WLS"]
[Date "2017.08.03"]
[Round "6.37"]
[White "Munshi, Aditya"]
[Black "Burrows, Martin P"]
[Result "1-0"]
[WhiteElo "1901"]
[BlackElo "2115"]
[WhiteFideId "436720"]
[BlackFideId "409057"]
[EventDate "2017.07.29"]

1. e4 c5 2. Nf3 d6 3. Bb5+ Nd7 4. d4 Nf6 5. Nc3 cxd4 6. Qxd4 e5 7. Qd3 h6 8. Be3
Be7 9. Bc4 O-O 10. O-O Nb6 11. Bb3 Be6 12. Nd2 Rc8 13. Rfd1 a6 14. a4 Bxb3 15.
cxb3 Ng4 16. Bxb6 Qxb6 17. Qg3 Nf6 18. a5 Qc6 19. Ra4 Qd7 20. Nc4 Qe6 21. Rb4
Rc7 22. Rb6 Rd8 23. h3 Rcd7 24. Qf3 Bf8 25. Nd5 Nxd5 26. Rxd5 Qe7 27. Qd3 Qg5
28. Qd2 Qxd2 29. Nxd2 g6 30. Nc4 f5 31. f3 h5 32. b4 fxe4 33. fxe4 Bh6 34. Rbxd6
Rxd6 35. Rxd6 Rc8 36. b3 Kf7 37. Rd7+ Ke6 38. Rxb7 Rd8 39. Rb6+ Ke7 40. Rxg6 Bf4
41. g3 Kf7 42. Rd6 Rg8 43. g4 hxg4 44. hxg4 Rxg4+ 45. Kf2 Rg3 46. Rxa6 Rxb3 47.
Ra7+ Ke6 48. Rb7 Rc3 49. Nb6 Rc2+ 50. Ke1 Ra2 51. Nd5 Bg3+ 52. Kf1 Kd6 53. Ra7
Bf2 54. Ra8 Bd4 55. b5 Kc5 56. b6 Ra1+ 57. Ke2 Kc6 58. Ne7+ 1-0

[Event "104th ch-GBR 2017"]
[Site "Llandudno WLS"]
[Date "2017.08.03"]
[Round "6.39"]
[White "Kalaiyalahan, Akshaya"]
[Black "Waddington, Mike P"]
[Result "1/2-1/2"]
[WhiteTitle "FM"]
[BlackTitle "FM"]
[WhiteElo "2127"]
[BlackElo "2070"]
[WhiteFideId "422894"]
[BlackFideId "410497"]
[EventDate "2017.07.29"]

1. d4 f5 2. Nc3 d5 3. Bf4 Nf6 4. e3 e6 5. Nb5 Na6 6. c4 c6 7. Nc3 Nc7 8. Nf3 Bd6
9. Bxd6 Qxd6 10. c5 Qe7 11. Ne5 O-O 12. Bd3 Bd7 13. O-O Be8 14. f3 Nd7 15. Nxd7
Bxd7 16. f4 b6 17. b4 b5 18. a4 a6 19. Qf3 Rfb8 20. Rfb1 Be8 21. Qh3 Bg6 22. Rb2
Rb7 23. Qf3 Rab8 24. axb5 axb5 25. Rba2 Qh4 26. g3 Bh5 27. Qf2 Qd8 28. Nb1 Ne8
29. Ra6 Rc8 30. Qa2 Nf6 31. Nd2 Ne4 32. Nxe4 fxe4 33. Be2 Bg6 34. Qa5 Qxa5 35.
bxa5 Be8 36. Bg4 Bd7 37. Kf2 Kf7 38. Rb6 Ra7 39. a6 Rcc7 40. Ke2 Bc8 41. Kd2 Ke7
42. Kc3 g6 43. h4 Kf6 44. Be2 Ke7 45. h5 Kf6 46. hxg6 hxg6 47. g4 Kg7 48. g5 Kg8
49. Bg4 Kg7 50. Kb4 Kg8 51. Rb8 Kg7 52. Rb6 Kg8 53. Ra2 Kg7 54. Rb8 Kh7 55. Rb6
Kg7 56. Be2 Kg8 57. Bf1 Kg7 1/2-1/2

[Event "104th ch-GBR 2017"]
[Site "Llandudno WLS"]
[Date "2017.08.03"]
[Round "6.40"]
[White "Moore, Geoffrey R"]
[Black "Wall, Tim P"]
[Result "0-1"]
[BlackTitle "FM"]
[WhiteElo "2023"]
[BlackElo "2242"]
[WhiteFideId "446181"]
[BlackFideId "401641"]
[EventDate "2017.07.29"]

1. e4 c5 2. Nf3 g6 3. d4 cxd4 4. Nxd4 Bg7 5. c4 Nc6 6. Be3 Nf6 7. Nc3 d6 8. Be2
O-O 9. O-O Bd7 10. h3 Nxd4 11. Bxd4 Bc6 12. Qd3 a5 13. f4 Nd7 14. Bxg7 Kxg7 15.
Kh1 Qb6 16. Rab1 Kg8 17. Qd2 Nc5 18. Bf3 Rad8 19. b3 f6 20. Nd5 Bxd5 21. exd5
Rfe8 22. Rfe1 Qb4 23. Qc2 b5 24. Re3 Rb8 25. cxb5 Rxb5 26. Rbe1 Rb7 27. f5 Kf7
28. fxg6+ hxg6 29. Bg4 Qf4 30. Rf3 Qg5 31. Qc4 Rb4 32. Be6+ Kg7 33. Qe2 f5 34.
a3 Re4 35. Qb2+ Qf6 36. Re2 Qxb2 37. Rxb2 Nxe6 38. dxe6 Rxe6 39. b4 axb4 40.
axb4 Rb8 41. Rd3 Rb5 42. Rd4 d5 43. Rbd2 Re1+ 44. Kh2 e6 45. g4 Re4 46. gxf5
gxf5 47. Rxe4 fxe4 48. Rb2 Kf6 49. Kg3 Ke5 50. h4 d4 51. h5 d3 52. Kf2 Kd4 53.
h6 e3+ 0-1